| 000 | 00977cam a2200289 a 4500 | ||
|---|---|---|---|
| 001 | 86080957 | ||
| 003 | DLC | ||
| 005 | 20260206101158.0 | ||
| 008 | 860403s1986 nyua b 000 1 eng | ||
| 010 | _a 86080957 | ||
| 020 | _a9780374309473 | ||
| 020 | _a0374309477 | ||
| 035 | _a(OCoLC)14352327 | ||
| 040 |
_aDLC _cDLC _dDLC _dTnLvILS |
||
| 042 | _alcac | ||
| 050 | 0 | 0 |
_aPZ7.S8177 _bBr 1986 |
| 082 | 0 | 0 |
_a[E] _222 |
| 100 | 1 |
_aSteig, William, _d1907-2003. |
|
| 245 | 1 | 0 |
_aBrave Irene / _cby William Steig. |
| 250 | _a1st ed. | ||
| 260 |
_aNew York : _bFarrar, Straus, Giroux, _c1986. |
||
| 300 |
_a1 v. (unpaged) : _bcol. ill. ; _c27 cm. |
||
| 520 | _aPlucky Irene, a dressmaker's daughter, braves a fierce snowstorm to deliver a new gown to the duchess in time for the ball. | ||
| 650 | 1 |
_aBlizzards _vFiction. _95685007 |
|
| 650 | 1 |
_aDressmaking _vFiction. _95753702 |
|
| 856 | 4 | 2 |
_3Publisher description _uhttp://www.loc.gov/catdir/description/hol042/86080957.html |
| 999 |
_c416232 _d416232 |
||